MARC

LEADER 00000nas a2200000 a 4500
001 ssj0001670
003 WaSeSS
005 20200512172242.0
006 m d
007 cr n
008 001108c19839999enkbr pss 0 a0eng c
010 |a  2006233208 
015 |a GBB3B2853  |2 bnb 
016 7 |a 012432786  |2 Uk 
016 7 |a 1500250-0  |2 DE-600 
022 |a 1758-616X  |l 0264-0473  |y 0264-0473 
035 |a (WaSeSS)ssj0001670 
040 |a TJC  |b eng  |e pn  |c TJC  |d OCLCQ  |d OCLCS  |d F#A  |d MUQ  |d OCLCQ  |d GUA  |d OCLCQ  |d UKMGB  |d OCLCQ  |d OCLCF  |d OCLCO  |d OCLCQ  |d DLC  |d NLE  |d VT2  |d ILACE  |d EZC  |d AU@  |d WaSeSS 
042 |a pcc 
050 0 0 |a Z678.9 
082 0 4 |a 025.02 
130 0 |a Electronic library (Online) 
222 4 |a The electronic library  |b (Online) 
245 1 4 |a The electronic library  |h [electronic resource]. 
260 |a Bradford, England :  |b MCB University Press 
310 |a Bimonthly,  |b 1986- 
321 |a Five issues a year,  |b 1985 
321 |a Quarterly,  |b 1983-1984 
362 1 |a Began with Vol. 1, issue 1 (Jan. 1983). 
506 |a License restrictions may limit access. 
515 |a Some issues combined. 
538 |a Mode of access: World Wide Web. 
588 |a Description based on: Vol. 1, issue 1 (1983); title from table of contents screen (Emerald, viewed Nov. 8, 2000). 
588 |a Latest issue consulted: Vol. 34, issue 6 (2016) (Emerald Insight website, viewed Nov. 25, 2016). 
650 0 |a Libraries  |x Automation  |v Periodicals. 
650 0 |a Library science  |x Data processing  |v Periodicals. 
650 0 |a Minicomputers  |v Periodicals. 
650 0 |a Microcomputers  |v Periodicals. 
650 6 |a Bibliothèques  |x Automatisation  |v Périodiques. 
650 6 |a Bibliothéconomie  |x Informatique  |v Périodiques. 
650 6 |a Mini-ordinateurs  |v Périodiques. 
650 6 |a Micro-ordinateurs  |v Périodiques. 
650 7 |a Libraries  |x Automation.  |2 fast  |0 (OCoLC)fst00997347 
650 7 |a Library science  |x Data processing.  |2 fast  |0 (OCoLC)fst00997930 
650 7 |a Microcomputers.  |2 fast  |0 (OCoLC)fst01019642 
650 7 |a Minicomputers.  |2 fast  |0 (OCoLC)fst01022814 
655 0 |a Electronic journals. 
776 0 8 |i Print version:  |t Electronic library  |x 0264-0473  |w (DLC) 83646084  |w (OCoLC)9172203 
850 |a DLC 
856 4 0 |z Full text available from Research Library: 06/01/1998 to 1 year ago  |u https://search.proquest.com/publication/32127